Κατάλογος Βιβλιοθηκών Mediterranean College

Το Πρώτο Βιβλίο της Πληροφορικής (Record no. 597)

MARC details
000 -LEADER
fixed length control field 01488cam a22002174a 4500
005 - ΗΜΕΡΟΜΗΝΙΑ ΚΑΙ ΩΡΑ ΤΕΛΕΥΤΑΙΑΣ ΕΝΗΜΕΡΩΣΗΣ
Πεδίο ελέγχου 20250605163940.0
008 - FIXED-LENGTH DATA ELEMENTS--GENERAL INFORMATION
Πεδίο ελέγχου σταθερού μήκους 250528s ||||||||||||||||||||||||d
035 ## - SYSTEM CONTROL NUMBER
System control number 14989
020 ## - ISBN
ISBN 9607981146
040 ## - ΠΗΓΗ ΚΑΤΑΛΟΓΟΓΡΑΦΗΣΗΣ
Φορέας πρωτότυπης καταλογογράφησης MC Athens Campus Library
Γλώσσα καταλογογράφησης Ελληνικά, Μοντέρνα (1453-)
Modifying agency MC Athens Campus Library
Κανόνες περιγραφικής καταλογογράφησης AACR2
245 1# - ΤΙΤΛΟΣ ΚΑΙ ΔΗΛΩΣΗ ΥΠΕΥΘΥΝΟΤΗΤΑΣ
Τίτλος Το Πρώτο Βιβλίο της Πληροφορικής
250 ## - EDITION STATEMENT
Edition statement
260 ## - PUBLICATION, DISTRIBUTION, ETC.
Name of publisher, distributor, etc. Αθήνα,
Date of publication, distribution, etc. 2001
300 ## - PHYSICAL DESCRIPTION
Extent 272
520 ## - SUMMARY, ETC.
Summary, etc. Το βιβλίο αυτό γράφτηκε με στόχο να καλύψει απλά και σφαιρικά τα ερωτήματα όσων θέλουν να πάρουν μια πρώτη καλή γεύση από τον κόσμο της Πληροφορικής. Πρόλογος, Εισαγωγή, Μια Πρώτη Γνωριμία, Ιστορία των Υπολογιστών, Το Υπολογιστικό Σύστημα, Η Κεντρική Μονάδα, Βοηθητικές Μνήμες, Το Λογισμικό, Δεδομένα, Λειτουργικά Συστήματα, Λύσεις σε Πακέτο, Δίκτυα Υπολογιστών, Ειδικά Θέματα, Πληροφορική και Εκπαίδευση, Εξελίξεις στο Χώρο της Πληροφορικής, Κοινωνικές Επιπτώσεις της Πληροφορικής, Βιβλιογραφία, Ευρετήριο.
700 1# - ΠΡΟΣΘΕΤΗ ΑΝΑΓΡΑΦΗ--ΦΥΣΙΚΟ ΠΡΟΣΩΠΟ
Personal name Καλαφούδης Στρ
9 (RLIN) 813
700 1# - ΠΡΟΣΘΕΤΗ ΑΝΑΓΡΑΦΗ--ΦΥΣΙΚΟ ΠΡΟΣΩΠΟ
Personal name Κοίλιας Χρήστος
9 (RLIN) 799
942 ## - ADDED ENTRY ELEMENTS (KOHA)
Koha item type Books
Holdings
Τύπος τεκμηρίου Βιβλιοθήκη Τρέχουσα τοποθεσία Barcode Αριθμός εισαγωγής Ημερομηνία απόκτησης Ταξιθετικό σύμβολο Αριθμός αντιτύπου Κατάσταση απόσυρσης Κατάσταση χαμένου Κατάσταση κατεστραμμένου Μη δανεισμός Σύνολο δανεισμών Ημερομηνία τελευταίας εμφάνισης Η τιμή ισχύει από
Books MC Athens Campus Library MC Athens Campus Library 9780000005960 1214 05/06/2025 004 KOI 1           05/06/2025 05/06/2025

MC Athens Campus Library
Πατησίων 94 & Κοδριγκτώνος 13, 104 34
Πελλήνης 8 & Πατησίων 107, 112 51
Τ: +30 210 8899600

MC Thessaloniki Campus Library
Ίωνος Δραγούμη 21, 54625 | Ίωνος Δραγούμη 15, 54625
Τ: +30 2310 287779 – Τ: +30 2314 440300